009830000a22001930004500090001400000245019800014300001300212650001600225650003500241650003400276650002300310650003600333041001400369110010600383260011200489942001300601999001700614952015800631 aARb0403910aTexto de la Convención sobre el Comercio Internacional de Especies Amenazadas de Fauna y Flora Silvestres firmada en Washington el 3 de marzo de 1973 enmendada en Bonn, el 22 de junio de 1979 ap. 33-3914aCITES9279014aLegislación ambiental99230914aPolíticas ambientales9536614aBiocomercio99241914aConvenios internacionales938790 aEspañol1 aConvención sobre el Comercio Internacional de Especies Amenazadas de Fauna y Flora Silvestres99754 aBonnbConvención sobre el Comercio Internacional de Especies Amenazadas de Fauna y Flora Silvestresc1979 cARTICULO c13072d13072 001040718HEMEROTECAaBogotabBogotad2015-02-27hFuera de circulaciónl0oAR 04039p017631r2015-03-25 00:00:00t1w2015-03-25xDonaciónyARTICULO